[Event "gorzyce wielkie"]
[Site "?"]
[Date "2020.02.08"]
[Round "9.1"]
[White "Maciejczak, Jakub"]
[Black "Rosik, Jakub"]
[Result "1-0"]
[BlackElo "1847"]
[WhiteElo "2313"]
[LiveChessVersion "1.4.8"]

1. e4 {[%clk 0:03:02]} d5 {[%clk 0:03:04]} 2. exd5 {[%clk 0:03:03]} Qxd5
{[%clk 0:03:05]} 3. Nc3 {[%clk 0:03:04]} Qa5 {[%clk 0:03:06]} 4. Bc4
{[%clk 0:03:04]} Nf6 {[%clk 0:03:07]} 5. d3 {[%clk 0:03:05]} c6 {[%clk 0:03:08]}
6. Nge2 {[%clk 0:03:05]} Bf5 {[%clk 0:03:05]} 7. O-O {[%clk 0:03:04]} e6
{[%clk 0:03:05]} 8. Ng3 {[%clk 0:03:04]} Bg6 {[%clk 0:03:06]} 9. Bd2
{[%clk 0:03:04]} Qc7 {[%clk 0:03:06]} 10. f4 {[%clk 0:03:04]} Bc5+
{[%clk 0:03:00]} 11. Kh1 {[%clk 0:03:04]} O-O {[%clk 0:02:54]} 12. f5
{[%clk 0:03:04]} exf5 {[%clk 0:02:55]} 13. Nxf5 {[%clk 0:03:04]} b5
{[%clk 0:02:27]} 14. Bb3 {[%clk 0:03:04]} a5 {[%clk 0:02:28]} 15. a4
{[%clk 0:03:04]} b4 {[%clk 0:02:25]} 16. Ne2 {[%clk 0:02:55]} Qe5
{[%clk 0:02:04]} 17. d4 {[%clk 0:02:43]} Bxd4 {[%clk 0:01:49]} 18. Nexd4
{[%clk 0:02:25]} c5 {[%clk 0:01:46]} 19. Bf4 {[%clk 0:02:24]} Qe4
{[%clk 0:01:28]} 20. Bxb8 {[%clk 0:02:02]} cxd4 {[%clk 0:01:10]} 21. Ng3
{[%clk 0:01:51]} Qb7 {[%clk 0:00:51]} 22. Be5 {[%clk 0:01:46]} Nd5
{[%clk 0:00:32]} 23. Qxd4 {[%clk 0:01:44]} Rfd8 {[%clk 0:00:31]} 24. Rad1
{[%clk 0:01:41]} f6 {[%clk 0:00:03]} 25. Bxf6 {[%clk 0:01:33]} gxf6 26. Bxd5+ 1-0

[Event "gorzyce wielkie"]
[Site "?"]
[Date "2020.02.08"]
[Round "9.2"]
[White "Pera, Adam"]
[Black "Michalski, Karol"]
[Result "1-0"]
[BlackElo "1946"]
[WhiteElo "1840"]
[LiveChessVersion "1.4.8"]

1. e4 {[%clk 0:03:03]} c5 {[%clk 0:03:04]} 2. Nf3 {[%clk 0:03:04]} g6
{[%clk 0:03:04]} 3. d4 {[%clk 0:03:05]} cxd4 {[%clk 0:03:05]} 4. Nxd4
{[%clk 0:03:06]} Bg7 {[%clk 0:03:06]} 5. c4 {[%clk 0:03:07]} Nc6 {[%clk 0:03:07]}
6. Be3 {[%clk 0:03:07]} Nf6 {[%clk 0:03:08]} 7. Nc3 {[%clk 0:03:08]} Ng4
{[%clk 0:03:08]} 8. Qxg4 {[%clk 0:02:28]} Nxd4 {[%clk 0:03:09]} 9. Qd1
{[%clk 0:02:28]} Ne6 {[%clk 0:03:09]} 10. Qd2 {[%clk 0:02:23]} d6
{[%clk 0:03:00]} 11. Bd3 {[%clk 0:02:17]} b6 {[%clk 0:03:01]} 12. O-O
{[%clk 0:02:13]} Bb7 {[%clk 0:03:01]} 13. f3 {[%clk 0:02:11]} Rc8
{[%clk 0:03:01]} 14. Rac1 {[%clk 0:02:09]} Qd7 {[%clk 0:02:56]} 15. b3
{[%clk 0:01:48]} h5 {[%clk 0:02:29]} 16. Bb1 {[%clk 0:01:21]} O-O
{[%clk 0:02:18]} 17. Bh6 {[%clk 0:00:58]} Kh7 {[%clk 0:02:18]} 18. Bxg7
{[%clk 0:00:58]} Nxg7 {[%clk 0:02:19]} 19. f4 {[%clk 0:00:46]} Qg4
{[%clk 0:02:17]} 20. h3 {[%clk 0:00:38]} Qh4 {[%clk 0:02:17]} 21. f5
{[%clk 0:00:25]} gxf5 {[%clk 0:01:39]} 22. exf5 {[%clk 0:00:10]} f6
{[%clk 0:01:35]} 23. Rce1 {[%clk 0:00:11]} Rf7 {[%clk 0:01:30]} 24. Rf4
{[%clk 0:00:08]} Qg5 {[%clk 0:01:25]} 25. h4 {[%clk 0:00:06]} Qh6
{[%clk 0:01:25]} 26. Rd4 {[%clk 0:00:05]} Rg8 {[%clk 0:01:11]} 27. Qf2
{[%clk 0:00:06]} Kh8 {[%clk 0:01:08]} 28. Rd2 {[%clk 0:00:06]} Nxf5
{[%clk 0:01:05]} 29. Bxf5 {[%clk 0:00:03]} Rxg2+ {[%clk 0:01:07]} 30. Qxg2
{[%clk 0:00:04]} Bxg2 {[%clk 0:01:08]} 31. Rxg2 {[%clk 0:00:06]} Qf4
{[%clk 0:01:07]} 32. Be6 {[%clk 0:00:04]} Qd4+ {[%clk 0:01:04]} 33. Kf1
{[%clk 0:00:03]} Rg7 {[%clk 0:01:01]} 34. Rxg7 {[%clk 0:00:04]} Kxg7
{[%clk 0:01:03]} 35. Ne2 {[%clk 0:00:05]} Qxh4 {[%clk 0:01:01]} 36. Ng1
{[%clk 0:00:03]} Qf4+ {[%clk 0:00:59]} 37. Kg2 {[%clk 0:00:04]} h4
{[%clk 0:00:57]} 38. Re2 {[%clk 0:00:06]} Qg3+ {[%clk 0:00:57]} 39. Kf1
{[%clk 0:00:07]} Qf4+ {[%clk 0:00:57]} 40. Kg2 {[%clk 0:00:08]} Kh6
{[%clk 0:00:56]} 41. Bh3 {[%clk 0:00:09]} e5 {[%clk 0:00:56]} 42. Rf2
{[%clk 0:00:11]} Qg3+ {[%clk 0:00:55]} 43. Kf1 {[%clk 0:00:12]} Qd3+
{[%clk 0:00:56]} 44. Ne2 {[%clk 0:00:12]} Qxh3+ {[%clk 0:00:57]} 45. Kg1
{[%clk 0:00:13]} Qe3 {[%clk 0:00:56]} 46. Kf1 {[%clk 0:00:14]} Kg5
{[%clk 0:00:55]} 47. Ng1 {[%clk 0:00:15]} Qc1+ {[%clk 0:00:56]} 48. Kg2
{[%clk 0:00:16]} f5 {[%clk 0:00:56]} 49. Nf3+ {[%clk 0:00:17]} Kh5
{[%clk 0:00:58]} 50. Rf1 {[%clk 0:00:19]} Qc2+ 51. Rf2 Qe4 {[%clk 0:00:59]} 52.
Kg1 {[%clk 0:00:21]} f4 {[%clk 0:01:00]} 53. Nh2 {[%clk 0:00:22]} Qe3
{[%clk 0:01:00]} 54. Nf1 {[%clk 0:00:23]} Qh3 {[%clk 0:01:01]} 55. Rh2
{[%clk 0:00:24]} Qd3 {[%clk 0:01:03]} 56. Rd2 {[%clk 0:00:25]} Qb1
{[%clk 0:01:04]} 57. Kf2 {[%clk 0:00:15]} Kg4 {[%clk 0:01:03]} 58. Nh2+
{[%clk 0:00:16]} Kh3 {[%clk 0:01:05]} 59. Nf3 {[%clk 0:00:16]} Qg6
{[%clk 0:01:03]} 60. Kf1 {[%clk 0:00:11]} Qg3 {[%clk 0:01:01]} 61. Ng1+
{[%clk 0:01:11]} Kg4 {[%clk 0:00:58]} 62. Rg2 {[%clk 0:01:12]} f3
{[%clk 0:00:59]} 63. Rxg3+ {[%clk 0:00:41]} Kxg3 {[%clk 0:00:59]} 64. b4
{[%clk 0:00:35]} e4 {[%clk 0:00:57]} 65. a4 {[%clk 0:00:27]} h3 {[%clk 0:00:58]}
66. Nxh3 {[%clk 0:00:20]} Kxh3 {[%clk 0:00:59]} 67. a5 {[%clk 0:00:07]} bxa5
{[%clk 0:00:55]} 68. c5 {[%clk 0:00:06]} axb4 {[%clk 0:00:25]} 69. c6
{[%clk 0:00:08]} Kg3 {[%clk 0:00:18]} 70. c7 {[%clk 0:00:09]} b3 {[%clk 0:00:11]}
71. c8=Q {[%clk 0:00:10]} b2 {[%clk 0:00:11]} 72. Qb8 {[%clk 0:00:11]} Kg4
{[%clk 0:00:08]} 73. Qxb2 {[%clk 0:00:10]} d5 {[%clk 0:00:07]} 74. Qe5
{[%clk 0:00:09]} a5 {[%clk 0:00:04]} 75. Qxd5 {[%clk 0:00:10]} Kf4
{[%clk 0:00:06]} 76. Qd1 1-0

[Event "gorzyce wielkie"]
[Site "?"]
[Date "2020.02.08"]
[Round "9.3"]
[White "Banach, Szymon"]
[Black "Mocny, Tomasz"]
[Result "1-0"]
[BlackElo "1768"]
[WhiteElo "1912"]
[LiveChessVersion "1.4.8"]

1. d4 {[%clk 0:03:04]} Nf6 2. Bg5 e6 {[%clk 0:03:03]} 3. e4 {[%clk 0:03:06]} Be7
{[%clk 0:03:04]} 4. e5 {[%clk 0:03:07]} Nd5 {[%clk 0:03:04]} 5. Bxe7
{[%clk 0:03:08]} Qxe7 {[%clk 0:03:04]} 6. c4 {[%clk 0:03:10]} Nb6
{[%clk 0:03:05]} 7. Nd2 {[%clk 0:03:10]} c5 {[%clk 0:02:59]} 8. Ngf3
{[%clk 0:03:01]} Nc6 {[%clk 0:02:48]} 9. Ne4 {[%clk 0:02:58]} O-O
{[%clk 0:02:35]} 10. dxc5 {[%clk 0:02:58]} Nxc4 {[%clk 0:01:28]} 11. Bxc4
{[%clk 0:02:55]} b6 {[%clk 0:01:18]} 12. Qd6 {[%clk 0:02:34]} Qd8
{[%clk 0:01:07]} 13. O-O {[%clk 0:02:21]} Ne7 {[%clk 0:01:03]} 14. Ng3
{[%clk 0:02:00]} Bb7 {[%clk 0:00:55]} 15. Nd4 {[%clk 0:01:53]} bxc5
{[%clk 0:00:40]} 16. Qxc5 {[%clk 0:01:47]} Rc8 {[%clk 0:00:41]} 17. Qb5
{[%clk 0:01:41]} Nc6 {[%clk 0:00:19]} 18. Nxc6 {[%clk 0:01:34]} Bxc6
{[%clk 0:00:19]} 19. Qb3 {[%clk 0:01:32]} Qa5 {[%clk 0:00:19]} 20. Rfe1
{[%clk 0:01:15]} Rb8 {[%clk 0:00:17]} 21. Qc2 {[%clk 0:01:13]} Rfc8
{[%clk 0:00:17]} 22. Qe2 {[%clk 0:01:14]} Ba8 {[%clk 0:00:15]} 23. b3
{[%clk 0:01:14]} Qc5 {[%clk 0:00:16]} 24. Nh5 {[%clk 0:01:12]} Qc6
{[%clk 0:00:06]} 25. Qg4 {[%clk 0:01:13]} g6 {[%clk 0:00:07]} 26. Nf6+
{[%clk 0:01:13]} Kh8 {[%clk 0:00:08]} 27. f3 {[%clk 0:01:09]} Qb6+
{[%clk 0:00:08]} 28. Kh1 {[%clk 0:01:09]} Rc5 {[%clk 0:00:08]} 29. Qf4
{[%clk 0:01:05]} Kg7 {[%clk 0:00:07]} 30. Nxd7 {[%clk 0:01:03]} Qd8
{[%clk 0:00:03]} 31. Nxc5 {[%clk 0:01:02]} Qc7 32. Bxe6 {[%clk 0:01:02]} Qxc5
{[%clk 0:00:03]} 33. Qxf7+ {[%clk 0:01:03]} Kh6 {[%clk 0:00:04]} 34. Qf4+
{[%clk 0:01:04]} Kg7 {[%clk 0:00:06]} 35. Rac1 {[%clk 0:00:51]} Qb6
{[%clk 0:00:07]} 36. Qf6+ {[%clk 0:00:51]} Kh6 37. Qh4+ {[%clk 0:00:44]} Kg7
{[%clk 0:00:09]} 38. Bc4 {[%clk 0:00:40]} a5 {[%clk 0:00:05]} 39. e6
{[%clk 0:00:41]} Qd6 {[%clk 0:00:05]} 40. e7 {[%clk 0:00:35]} Re8
{[%clk 0:00:05]} 41. Rcd1 {[%clk 0:00:31]} Qc5 {[%clk 0:00:05]} 42. Qd4+
{[%clk 0:00:31]} Qxd4 {[%clk 0:00:06]} 43. Rxd4 {[%clk 0:00:32]} Bc6
{[%clk 0:00:04]} 44. Rd8 {[%clk 0:00:30]} Kf6 {[%clk 0:00:05]} 45. Rxe8
{[%clk 0:00:29]} Bxe8 {[%clk 0:00:06]} 46. a4 {[%clk 0:00:30]} h5
{[%clk 0:00:05]} 47. Bb5 {[%clk 0:00:31]} Kf7 {[%clk 0:00:03]} 48. Bxe8+
{[%clk 0:00:31]} Kxe8 {[%clk 0:00:04]} 49. Re5 1-0

[Event "gorzyce wielkie"]
[Site "?"]
[Date "2020.02.08"]
[Round "9.5"]
[White "Wronka, Arkadiusz"]
[Black "Sobczak, Miroslaw"]
[Result "1-0"]
[BlackElo "1886"]
[WhiteElo "1609"]
[LiveChessVersion "1.4.8"]

1. d4 {[%clk 0:03:02]} Nf6 {[%clk 0:03:03]} 2. c4 {[%clk 0:03:03]} c5
{[%clk 0:03:04]} 3. Nf3 {[%clk 0:03:01]} cxd4 {[%clk 0:03:05]} 4. Nxd4
{[%clk 0:03:03]} e5 {[%clk 0:03:06]} 5. Nb5 {[%clk 0:02:56]} d5 {[%clk 0:03:07]}
6. Bg5 {[%clk 0:02:49]} Bb4+ {[%clk 0:02:57]} 7. N1c3 {[%clk 0:02:22]} d4
{[%clk 0:02:58]} 8. Bxf6 {[%clk 0:02:18]} gxf6 {[%clk 0:02:58]} 9. Qa4
{[%clk 0:02:11]} Nc6 {[%clk 0:02:57]} 10. O-O-O {[%clk 0:02:04]} Bxc3
{[%clk 0:02:28]} 11. Nxc3 {[%clk 0:01:57]} Bd7 {[%clk 0:02:29]} 12. Nd5
{[%clk 0:01:55]} Be6 {[%clk 0:02:11]} 13. e4 {[%clk 0:01:48]} dxe3
{[%clk 0:02:06]} 14. fxe3 {[%clk 0:01:33]} O-O {[%clk 0:01:41]} 15. Bd3
{[%clk 0:01:30]} f5 {[%clk 0:01:41]} 16. e4 {[%clk 0:01:25]} Qg5+
{[%clk 0:01:42]} 17. Kb1 {[%clk 0:01:22]} f4 {[%clk 0:01:34]} 18. h4
{[%clk 0:01:20]} Qg3 {[%clk 0:01:27]} 19. Nf6+ {[%clk 0:01:18]} Kh8
{[%clk 0:01:28]} 20. Be2 {[%clk 0:01:06]} Rad8 {[%clk 0:01:26]} 21. Qb5
{[%clk 0:00:43]} Rxd1+ {[%clk 0:01:23]} 22. Rxd1 {[%clk 0:00:41]} Qxh4
{[%clk 0:01:24]} 23. Nh5 {[%clk 0:00:35]} Nd4 {[%clk 0:01:22]} 24. Qxe5+
{[%clk 0:00:34]} f6 {[%clk 0:01:23]} 25. Qxd4 {[%clk 0:00:30]} Bg4
{[%clk 0:01:03]} 26. Bxg4 {[%clk 0:00:29]} Qxg4 {[%clk 0:01:03]} 27. Nxf6
{[%clk 0:00:29]} 1-0

[Event "gorzyce wielkie"]
[Site "?"]
[Date "2020.02.08"]
[Round "9.6"]
[White "Rozumek, Krzysztof"]
[Black "Chmielarz, Maciej"]
[Result "0-1"]
[BlackElo "1883"]
[WhiteElo "1861"]
[LiveChessVersion "1.4.8"]

1. h3 {[%clk 0:03:03]} c6 {[%clk 0:03:03]} 2. c3 {[%clk 0:03:04]} d5
{[%clk 0:03:04]} 3. d4 {[%clk 0:03:05]} Nf6 {[%clk 0:03:05]} 4. Bf4
{[%clk 0:03:06]} Bf5 {[%clk 0:03:02]} 5. Nf3 {[%clk 0:03:07]} g6 {[%clk 0:03:02]}
6. e3 {[%clk 0:03:07]} Bg7 {[%clk 0:03:03]} 7. Nbd2 {[%clk 0:03:03]} Nbd7
{[%clk 0:02:59]} 8. g4 {[%clk 0:03:03]} Be4 {[%clk 0:02:56]} 9. g5
{[%clk 0:02:41]} Nh5 {[%clk 0:02:23]} 10. Nxe4 {[%clk 0:02:41]} Nxf4
{[%clk 0:02:09]} 11. exf4 {[%clk 0:02:25]} dxe4 {[%clk 0:02:09]} 12. Nd2
{[%clk 0:02:26]} f5 {[%clk 0:01:56]} 13. Nc4 {[%clk 0:02:04]} Nb6
{[%clk 0:01:33]} 14. Ne5 {[%clk 0:01:55]} Bxe5 {[%clk 0:01:30]} 15. fxe5
{[%clk 0:01:55]} Qd5 {[%clk 0:01:20]} 16. Qb3 {[%clk 0:01:41]} O-O-O
{[%clk 0:01:11]} 17. O-O-O {[%clk 0:01:32]} Qxb3 {[%clk 0:01:00]} 18. axb3
{[%clk 0:01:31]} Nd5 {[%clk 0:00:44]} 19. Bc4 {[%clk 0:01:26]} Nf4
{[%clk 0:00:41]} 20. h4 {[%clk 0:01:24]} b5 {[%clk 0:00:26]} 21. Bf1
{[%clk 0:01:20]} h6 {[%clk 0:00:24]} 22. Kd2 {[%clk 0:00:43]} hxg5
{[%clk 0:00:25]} 23. Ke3 {[%clk 0:00:44]} Nd5+ {[%clk 0:00:23]} 24. Ke2
{[%clk 0:00:44]} gxh4 {[%clk 0:00:20]} 25. Rg1 {[%clk 0:00:45]} h3
{[%clk 0:00:14]} 26. Rg3 {[%clk 0:00:41]} h2 {[%clk 0:00:15]} 27. Bg2
{[%clk 0:00:42]} Nf4+ {[%clk 0:00:14]} 0-1

[Event "gorzyce wielkie"]
[Site "?"]
[Date "2020.02.08"]
[Round "9.7"]
[White "Malecki, Eugeniusz"]
[Black "Czerwinska, Milena"]
[Result "1-0"]
[BlackElo "1834"]
[WhiteElo "1729"]
[LiveChessVersion "1.4.8"]

1. e4 {[%clk 0:03:02]} c5 {[%clk 0:03:02]} 2. d3 {[%clk 0:03:03]} d6
{[%clk 0:03:02]} 3. f4 {[%clk 0:03:04]} Nc6 {[%clk 0:03:01]} 4. c3
{[%clk 0:03:05]} g6 {[%clk 0:03:00]} 5. Nf3 {[%clk 0:03:05]} Bg7 {[%clk 0:03:00]}
6. Be2 {[%clk 0:03:05]} e6 {[%clk 0:02:56]} 7. O-O {[%clk 0:03:05]} Nge7
{[%clk 0:02:56]} 8. Na3 {[%clk 0:03:04]} O-O {[%clk 0:02:54]} 9. Qe1
{[%clk 0:03:04]} f5 {[%clk 0:02:28]} 10. Qh4 {[%clk 0:03:00]} a6 {[%clk 0:02:04]}
11. Ng5 {[%clk 0:02:57]} h6 {[%clk 0:02:00]} 12. Nf3 {[%clk 0:02:58]} b5
{[%clk 0:01:56]} 13. Nc2 {[%clk 0:02:59]} Qe8 {[%clk 0:01:37]} 14. Qg3
{[%clk 0:02:58]} Qf7 {[%clk 0:01:33]} 15. h4 {[%clk 0:02:51]} Kh8
{[%clk 0:01:31]} 16. Rb1 {[%clk 0:02:45]} Rb8 {[%clk 0:01:21]} 17. h5
{[%clk 0:02:39]} Bd7 {[%clk 0:01:08]} 18. Nh4 {[%clk 0:02:34]} gxh5
{[%clk 0:00:53]} 19. Qf3 {[%clk 0:02:27]} Be8 {[%clk 0:00:52]} 20. Be3
{[%clk 0:02:01]} Bf6 {[%clk 0:00:52]} 21. Qh3 {[%clk 0:01:55]} Rg8
{[%clk 0:00:50]} 22. Nf3 {[%clk 0:01:54]} Qg6 {[%clk 0:00:37]} 23. Rf2
{[%clk 0:01:47]} fxe4 {[%clk 0:00:34]} 24. dxe4 {[%clk 0:01:47]} Qxe4
{[%clk 0:00:33]} 25. Rc1 {[%clk 0:01:43]} Qf5 {[%clk 0:00:27]} 26. Qh2
{[%clk 0:01:41]} Nd5 {[%clk 0:00:19]} 27. Nh4 {[%clk 0:01:28]} Bxh4
{[%clk 0:00:17]} 28. Qxh4 {[%clk 0:01:29]} Nxe3 {[%clk 0:00:17]} 29. Nxe3
{[%clk 0:01:29]} Qg6 {[%clk 0:00:16]} 30. Rd1 {[%clk 0:01:17]} Rd8
{[%clk 0:00:15]} 31. Bd3 {[%clk 0:01:18]} Qg3 {[%clk 0:00:13]} 32. Qf6+
{[%clk 0:01:18]} Qg7 {[%clk 0:00:12]} 33. Qxe6 {[%clk 0:01:17]} Bf7
{[%clk 0:00:03]} 34. Qe4 {[%clk 0:01:15]} d5 35. Qf3 Be6 36. f5 1-0

[Event "gorzyce wielkie"]
[Site "?"]
[Date "2020.02.08"]
[Round "9.8"]
[White "Barwinska, Ewa"]
[Black "Rog, Bartlomiej"]
[Result "1-0"]
[BlackElo "1422"]
[WhiteElo "1460"]
[LiveChessVersion "1.4.8"]

1. e4 {[%clk 0:03:03]} c5 {[%clk 0:03:03]} 2. Nf3 {[%clk 0:03:05]} d6
{[%clk 0:03:03]} 3. d4 {[%clk 0:03:06]} cxd4 {[%clk 0:03:04]} 4. Nxd4
{[%clk 0:03:07]} Nf6 {[%clk 0:03:05]} 5. Nc3 {[%clk 0:03:08]} Nc6
{[%clk 0:03:07]} 6. Bg5 {[%clk 0:03:01]} e6 {[%clk 0:03:09]} 7. Qd2
{[%clk 0:02:46]} a6 {[%clk 0:03:10]} 8. f3 {[%clk 0:02:45]} Bd7 {[%clk 0:03:09]}
9. g4 {[%clk 0:02:40]} Be7 {[%clk 0:03:04]} 10. h4 {[%clk 0:02:36]} b5
{[%clk 0:02:50]} 11. O-O-O {[%clk 0:02:24]} Qb6 {[%clk 0:02:44]} 12. Be3
{[%clk 0:02:20]} Qa5 {[%clk 0:02:19]} 13. Kb1 {[%clk 0:02:14]} Nxd4
{[%clk 0:02:00]} 14. Bxd4 {[%clk 0:02:09]} b4 {[%clk 0:02:01]} 15. Ne2
{[%clk 0:02:03]} e5 {[%clk 0:02:02]} 16. Be3 {[%clk 0:02:00]} Be6
{[%clk 0:02:02]} 17. Nc1 {[%clk 0:01:51]} O-O {[%clk 0:01:44]} 18. h5
{[%clk 0:01:43]} Nd7 {[%clk 0:01:36]} 19. g5 {[%clk 0:01:35]} Nc5
{[%clk 0:01:16]} 20. g6 {[%clk 0:01:23]} Na4 {[%clk 0:01:13]} 21. Nb3
{[%clk 0:00:45]} Bxb3 {[%clk 0:01:13]} 22. cxb3 {[%clk 0:00:40]} Nc5
{[%clk 0:00:50]} 23. gxf7+ {[%clk 0:00:37]} Kh8 {[%clk 0:00:50]} 24. Bc4
{[%clk 0:00:26]} Rac8 {[%clk 0:00:32]} 25. Rhg1 {[%clk 0:00:27]} Na4
{[%clk 0:00:27]} 26. Bh6 {[%clk 0:00:16]} Bf6 {[%clk 0:00:13]} 27. Qg2
{[%clk 0:00:09]} g5 {[%clk 0:00:07]} 28. Bxg5 {[%clk 0:00:09]} Bg7
{[%clk 0:00:08]} 29. h6 {[%clk 0:00:10]} 1-0

[Event "gorzyce wielkie"]
[Site "?"]
[Date "2020.02.08"]
[Round "9.9"]
[White "Zakrzewski, Marek"]
[Black "Ziolkowski, Andrzej"]
[Result "1-0"]
[BlackElo "1773"]
[WhiteElo "2256"]
[LiveChessVersion "1.4.8"]

1. e4 {[%clk 0:03:02]} c5 {[%clk 0:03:04]} 2. Nf3 {[%clk 0:03:02]} d6
{[%clk 0:03:05]} 3. d4 {[%clk 0:03:03]} cxd4 {[%clk 0:03:06]} 4. Nxd4
{[%clk 0:03:04]} Nf6 {[%clk 0:03:07]} 5. Nc3 {[%clk 0:03:04]} a6 {[%clk 0:03:08]}
6. Bg5 {[%clk 0:03:05]} e6 {[%clk 0:03:08]} 7. f4 {[%clk 0:03:06]} Be7
{[%clk 0:03:08]} 8. Qf3 {[%clk 0:03:07]} Qb6 {[%clk 0:03:05]} 9. O-O-O
{[%clk 0:03:04]} Nc6 {[%clk 0:03:04]} 10. Nb3 {[%clk 0:02:57]} Bd7
{[%clk 0:03:04]} 11. Bd3 {[%clk 0:02:50]} O-O-O {[%clk 0:03:03]} 12. Rhe1
{[%clk 0:02:49]} h6 {[%clk 0:03:01]} 13. Bh4 {[%clk 0:02:43]} Rhe8
{[%clk 0:03:00]} 14. Bf2 {[%clk 0:02:39]} Qc7 {[%clk 0:02:52]} 15. Na4
{[%clk 0:02:40]} Nd4 {[%clk 0:02:17]} 16. Bxd4 {[%clk 0:02:25]} Bxa4
{[%clk 0:02:18]} 17. Kb1 {[%clk 0:02:25]} Kb8 {[%clk 0:02:14]} 18. Qf2
{[%clk 0:02:15]} Rc8 {[%clk 0:02:08]} 19. Bb6 {[%clk 0:02:12]} Qd7
{[%clk 0:02:01]} 20. Qd4 {[%clk 0:02:05]} Bb5 {[%clk 0:01:39]} 21. Na5
{[%clk 0:01:54]} Bxd3 {[%clk 0:01:33]} 22. Rxd3 {[%clk 0:01:54]} d5
{[%clk 0:01:25]} 23. e5 {[%clk 0:01:49]} Ne4 {[%clk 0:01:25]} 24. Rxe4
{[%clk 0:01:49]} Qb5 {[%clk 0:01:02]} 25. Re1 {[%clk 0:01:38]} Bb4
{[%clk 0:01:03]} 26. Rb3 {[%clk 0:01:39]} Rc4 {[%clk 0:01:00]} 27. Nxc4
{[%clk 0:01:24]} dxc4 {[%clk 0:01:01]} 28. Rxb4 {[%clk 0:01:24]} Qxb4
{[%clk 0:01:02]} 29. Qd6+ {[%clk 0:01:25]} Qxd6 {[%clk 0:00:58]} 30. exd6
{[%clk 0:01:25]} 1-0

[Event "gorzyce wielkie"]
[Site "?"]
[Date "2020.02.08"]
[Round "9.10"]
[White "Jedras, Adrianna"]
[Black "Grzesiek, Karol"]
[Result "0-1"]
[BlackElo "1815"]
[WhiteElo "1266"]
[LiveChessVersion "1.4.8"]

1. c4 {[%clk 0:03:02]} Nf6 2. Nc3 {[%clk 0:02:56]} g6 {[%clk 0:03:02]} 3. d4
{[%clk 0:02:56]} d5 {[%clk 0:03:02]} 4. cxd5 {[%clk 0:02:56]} Nxd5
{[%clk 0:03:03]} 5. Nf3 {[%clk 0:02:54]} Bg7 {[%clk 0:03:04]} 6. g3
{[%clk 0:02:53]} O-O {[%clk 0:03:04]} 7. Bg2 {[%clk 0:02:54]} Nxc3
{[%clk 0:02:48]} 8. bxc3 {[%clk 0:02:54]} c5 {[%clk 0:02:50]} 9. O-O
{[%clk 0:02:53]} Nc6 {[%clk 0:02:40]} 10. Ba3 {[%clk 0:02:54]} cxd4
{[%clk 0:02:34]} 11. cxd4 {[%clk 0:02:36]} Nxd4 {[%clk 0:02:23]} 12. Rb1
{[%clk 0:02:04]} Nxf3+ {[%clk 0:01:29]} 13. Bxf3 {[%clk 0:02:04]} Qxd1
{[%clk 0:01:23]} 14. Rfxd1 {[%clk 0:02:05]} Re8 {[%clk 0:01:07]} 15. Bxb7
{[%clk 0:01:57]} Bxb7 {[%clk 0:00:58]} 16. Rxb7 {[%clk 0:01:58]} a5
{[%clk 0:00:48]} 17. Rxe7 {[%clk 0:01:40]} Rxe7 18. Bxe7 {[%clk 0:01:41]} Re8
{[%clk 0:00:50]} 19. Rd8 {[%clk 0:01:42]} Rxd8 {[%clk 0:00:47]} 20. Bxd8
{[%clk 0:01:43]} a4 {[%clk 0:00:35]} 21. Be7 {[%clk 0:01:34]} f5 {[%clk 0:00:33]}
22. Kf1 {[%clk 0:01:33]} Kf7 {[%clk 0:00:34]} 23. Bb4 {[%clk 0:01:34]} Ke6
{[%clk 0:00:34]} 24. Ke1 {[%clk 0:01:34]} Kd5 {[%clk 0:00:35]} 25. Kd2
{[%clk 0:01:27]} Kc4 {[%clk 0:00:36]} 26. Be7 {[%clk 0:01:21]} Bd4
{[%clk 0:00:26]} 27. f3 {[%clk 0:01:21]} Bg1 {[%clk 0:00:24]} 28. h3
{[%clk 0:01:22]} Bf2 {[%clk 0:00:22]} 29. g4 {[%clk 0:01:22]} f4 {[%clk 0:00:15]}
30. Kc2 {[%clk 0:01:05]} Be3 {[%clk 0:00:12]} 31. Kb2 {[%clk 0:00:46]} Bb6
{[%clk 0:00:06]} 32. Ka3 {[%clk 0:00:31]} Kd4 {[%clk 0:00:07]} 33. Bd6
{[%clk 0:00:22]} g5 {[%clk 0:00:08]} 34. Kxa4 {[%clk 0:00:22]} Ke3
{[%clk 0:00:09]} 35. Kb5 {[%clk 0:00:23]} Ba7 {[%clk 0:00:10]} 36. Bc5+
{[%clk 0:00:22]} Bxc5 {[%clk 0:00:11]} 37. Kxc5 {[%clk 0:00:23]} Kxe2 38. a4 Kxf3
39. a5 Kg3 {[%clk 0:00:13]} 40. a6 {[%clk 0:00:28]} f3 {[%clk 0:00:12]} 41. a7
{[%clk 0:00:29]} f2 {[%clk 0:00:12]} 42. a8=Q {[%clk 0:00:30]} f1=Q
{[%clk 0:00:13]} 43. Qa3+ {[%clk 0:00:15]} Kh4 {[%clk 0:00:12]} 44. Qc3
{[%clk 0:03:02]} 0-1

[Event "gorzyce wielkie"]
[Site "?"]
[Date "2020.02.08"]
[Round "9.11"]
[White "Drozdzynski, Arkadiusz"]
[Black "Szelag, Zuzanna"]
[Result "*"]
[BlackElo "1672"]
[WhiteElo "1649"]
[LiveChessVersion "1.4.8"]

1. d4 d5 2. c4 Nc6 3. Nc3 e6 4. Nf3 Nf6 5. Bg5 Be7 6. e3 O-O 7. Bd3 b6 8. O-O Bb7
9. a3 dxc4 10. Bxc4 Na5 11. Bd3 c5 12. dxc5 bxc5 13. Qe2 Rc8 14. Rfd1 Nd5 15.
Bxe7 Qxe7 16. Rac1 Rfd8 17. Ne4 c4 18. Bc2 f5 19. Ng3 c3 20. b4 Nc4 21. e4 fxe4
22. Qxe4 g6 23. a4 *

[Event "gorzyce wielkie"]
[Site "?"]
[Date "2020.02.08"]
[Round "9.13"]
[White "Kot, Jerzy"]
[Black "Pieczewska, Gabriela"]
[Result "*"]
[BlackElo "1295"]
[WhiteElo "1831"]
[LiveChessVersion "1.4.8"]

1. d4 d5 2. Bg5 c6 3. e3 Qb6 4. b3 Bf5 5. Bd3 Bg6 6. Nf3 Nd7 7. O-O e6 8. c4 Be7
9. Bf4 Ngf6 10. Nc3 Nh5 11. c5 Qa5 12. Ne2 b6 13. Bxg6 hxg6 14. cxb6 axb6 15. Ne5
Nxf4 16. exf4 Nxe5 17. fxe5 c5 18. Qd3 O-O 19. a4 Rfc8 20. Rfc1 Qb4 21. dxc5 bxc5
22. Qc3 Qe4 23. Ng3 Qh4 24. Rc2 c4 25. b4 d4 26. Qb2 d3 27. Rc3 Rab8 28. b5 Bc5
29. a5 Qd4 30. b6 d2 *

[Event "gorzyce wielkie"]
[Site "?"]
[Date "2020.02.08"]
[Round "9.14"]
[White "Szczepanski, Grzegorz"]
[Black "Hemmerling, Jaroslaw"]
[Result "*"]
[BlackElo "1615"]
[WhiteElo "1251"]
[LiveChessVersion "1.4.8"]

1. d4 c5 2. d5 g6 3. e4 Bg7 4. Nc3 d6 5. Nf3 Nf6 6. Bg5 h6 7. Bf4 O-O 8. Qd2 Kh7
9. h4 Nh5 10. Be3 Qa5 11. Nh2 Qb4 12. O-O-O b5 13. g4 Nf6 14. f3 Nfd7 15. h5 g5
16. f4 Bxc3 17. bxc3 Qa3+ 18. Kb1 f6 19. e5 Nb6 20. Qd3+ f5 21. Bc1 Qa5 22. e6 c4
23. Qd4 Na4 24. Bd2 Qb6 25. fxg5 Qxd4 26. cxd4 f4 27. gxh6 Kxh6 28. Bg2 Bb7 29.
Be4 Nb6 30. g5+ Kg7 31. h6+ Kg8 32. g6 Bxd5 33. Bxd5 Nxd5 34. Ng4 Nc6 35. Rdg1
Rf5 36. h7+ Kg7 37. h8=Q+ Rxh8 38. Rxh8 Kxh8 39. Nh6 *

[Event "gorzyce wielkie"]
[Site "?"]
[Date "2020.02.08"]
[Round "9.15"]
[White "Biela, Wojciech"]
[Black "Pieczewski, Szymon"]
[Result "*"]
[BlackElo "1542"]
[WhiteElo "1554"]
[LiveChessVersion "1.4.8"]

1. c4 e6 2. Nf3 Nf6 3. g3 d5 4. d4 dxc4 5. Bg2 Nbd7 6. O-O Nb6 7. a4 a5 8. Qc2
Bb4 9. e4 O-O 10. Nc3 Bxc3 11. bxc3 h6 12. Re1 Bd7 13. e5 Nfd5 14. Re4 f5 15.
exf6 Nxf6 16. Rh4 Be8 17. Ne5 Rb8 18. Bh3 Bf7 19. Bxh6 gxh6 20. Bxe6 Nh7 21. Rxh6
Qg5 22. Qxh7# *